| 000 | 01049cam a2200217 4500 | ||
|---|---|---|---|
| 001 | WB3613-21 | ||
| 008 | 000000n2000 000 0 eng u | ||
| 035 | _a(Sirsi) u105059 | ||
| 245 | _aEquity sharing lease | ||
| 260 | _c2000 | ||
| 490 |
_aEstates Gazette _v[2000] EGCS 40 (25 March 2000) |
||
| 520 | _a"Standard Life Co Ltd v Greycoat Devonshire Square Ltd" ChD 14 March 2000. Long lease of a commercial premises. Lessee obliged to pay additional rent expressed as a percentage of amounts received from occupying tenants. A departing tenant made a payment to G in respect of dilapidations. At issue was whether a percentage of this payment was part of the gross rent payable under the terms of the lease. "Held" the damages did not form part of the gross rents. | ||
| 590 | _aWB | ||
| 650 | _aSTANDARD LIFE CO LTD V GREYCOAT DEVONSHIRE SQUARE LTD | ||
| 650 |
_aDilapidations _96235 |
||
| 650 | _aREVERSE PREMIUMS | ||
| 650 | _aREPAIRING COVENANT | ||
| 650 | _aDAMAGES | ||
| 690 | _aLANDLORD AND TENANT-CASE LAW-LEASES | ||
| 942 | _n0 | ||
| 999 |
_c63006 _d63006 |
||